Language Quiz

Random Language or Sporcle Quiz

Mixed Up: SPORCLE Quiz Stats

 Plays Quiz Updated Nov 6, 2018

     
Support Sporcle.
Go Orange.
Score 0/85 Timer 06:00
0 Plays Today
word pair % Correct
PORE
88.4%
SPORE
78.1%
ROPE
77.6%
CORE
71.2%
PORES
70.8%
LORE
68.9%
POLE
67.8%
SORE
67.5%
ROPES
67.1%
ROLE
66.7%
CORES
58%
POLES
57.1%
ROLES
55.7%
LORES
53.5%
LOPE
53.2%
SOLE
52.4%
ROSE
51.7%
CLOP
50.8%
CROP
50.6%
LOSE
47.7%
POSE
46.6%
CROPS
46.6%
CLOSE
46%
COLE
45%
COPE
42.9%
CLOPS
42.3%
LOPES
42.2%
SLOP
42%
COPS
41.1%
word pair % Correct
SCORE
39.3%
LOPS
35.9%
CORPS
35.9%
COPES
35.7%
COLES
35%
ORES
33.3%
SLOPE
32.2%
LOSER
32.1%
CLOSER
31.6%
PROS
30.9%
PROSE
28.7%
POSER
27.2%
CORPSE
26.7%
REPS
25.6%
SCOPE
21%
SCOP
20.9%
LOPER
17.9%
ROES
17.5%
POLER
16.7%
SPEC
16.4%
COPER
15.2%
REPO
14.9%
SLOPER
13.9%
PROLE
13.7%
OLES
13.1%
ORCS
13%
LOPERS
12.5%
CORS
11.9%
REPOS
11.8%
word pair % Correct
POLERS
11.6%
ROCS
11.3%
SLOE
11.3%
PROLES
11.1%
COPERS
10.9%
EROS
9.7%
OPES
9.4%
PECS
9.3%
POLS
9.3%
COPSE
9.1%
RECS
8%
CELS
7.8%
CORSE
6.8%
COLS
5%
SOREL
4.8%
SPLORE
3.8%
PESO
3.6%
ORLE
3.3%
CEPS
3.2%
CERO
2.6%
EPOS
2.3%
ORLES
2.3%
CEROS
1.8%
SOCLE
1.4%
CEORL
1.3%
CEORLS
1.2%
CRESOL
1%

From the Vault

Which NFL Player?

by strokes_static

Sports 5m
It's probably the one holding the football.
Remove Ads.
Support Sporcle.
Get the best of Sporcle when you Go Orange. This ad-free experience offers more features, more stats, and more fun while also helping to support Sporcle. Thank you for becoming a member.

Show Comments

Extras

Top Quizzes Today


Score Distribution

Your Account Isn't Verified!

In order to create a playlist on Sporcle, you need to verify the email address you used during registration. Go to your Sporcle Settings to finish the process.

Report this User

Report this user for behavior that violates our Community Guidelines.

Details: